000 00597nam a22001937a 4500
005 20251108170833.0
008 250721s1998 xx 000 0 ara d
082 1 4 _a216.91/مفت
100 1 _aالمفتي، محمد أحمد علي
245 1 0 _aمفاهيم سياسية شرعية /
264 1 _aبيروت :
_bمؤسسة الرسالة للنشر،
_c1998 1998.
300 _a232ص
650 1 7 _aالاسلام
650 1 7 _aالأحكام السلطانية
650 1 7 _aالسياسة
650 1 7 _aنظام الحكم في الإسلام
942 _2ddc
_cBK
999 _c50183
_d50183